Normal view
MARC view
Entry Topical Term
001 - CONTROL NUMBER
- control field: 818984
003 - CONTROL NUMBER IDENTIFIER
- control field: OSt
005 - DATE AND TIME OF LATEST TRANSACTION
- control field: 20250826170447.0
008 - FIXED-LENGTH DATA ELEMENTS
- fixed length control field: 250826|| aca||aabn | a|a d
040 ## - CATALOGING SOURCE
- Original cataloging agency: OSt
- Transcribing agency: OSt
150 ## - HEADING--TOPICAL TERM
- Topical term or geographic name entry element: COMPARATIVE STUDY ( INDIAN AND FOREIGN AUTHORS)
670 ## - SOURCE DATA FOUND
- Source citation: Work cat.: (OSt)1434901: Sarika 535785, Comparative study of the representations of indian and foreign authorities: , 2025
